FIFA Country Rankings Men - Statistics

General Stats
  • This quiz has been taken 88 times
  • The average score is 42 of 50
Answer Stats
Rank Continent Country % Correct
1 South America Argentina
100%
4 Europe England
100%
2 Europe Spain
100%
5 South America Brazil
99%
3 Europe France
99%
9 Europe Italy
99%
10 Europe Germany
97%
6 Europe Netherlands
97%
7 Europe Portugal
97%
28 Europe Sweden
96%
8 Europe Belgium
94%
15 Asia Japan
94%
16 North America United States
94%
14 South America Colombia
93%
32 Africa Egypt
93%
17 North American Mexico
91%
13 South America Uruguay
91%
12 Africa Morocco
90%
30 North America Canada
87%
21 Europe Denmark
87%
42 South America Peru
86%
23 Asia South Korea
86%
26 Oceania Australia
84%
11 Europe Croatia
84%
38 Europe Norway
84%
34 Europe Poland
83%
19 Africa Senegal
83%
20 Europe Switzerland
83%
27 Asia Türkiye
83%
25 Europe Ukraine
83%
24 South America Ecuador
81%
22 Europe Austria
79%
43 Africa Nigeria
79%
48 South America Paraguay
79%
39 Europe Czechia
76%
40 Europe Greece
76%
35 Europe Russia
74%
36 Africa Algeria
73%
18 Asia Iran
73%
31 Europe Serbia
73%
50 Africa Cameroon
71%
47 South America Venezuela
71%
37 Europe Hungary
70%
45 Europe Romania
70%
44 Europe Scotland
67%
46 Europe Slovakia
66%
29 Europe Wales
66%
41 Africa Ivory Coast
64%
33 North America Panama
59%
49 Africa Tunisia
50%
No matching quizzes found
Score Distribution
Percent of People with Each Score
Percentile by Number Answered
Your Score History
You have not taken this quiz